Industrial labour in India/ (Record no. 109758)

MARC details
000 -LEADER
fixed length control field 00521nam a2200217 454500
001 - CONTROL NUMBER
control field 074238
003 - CONTROL NUMBER IDENTIFIER
control field BD-ChCU
005 - DATE AND TIME OF LATEST TRANSACTION
control field 20251124115722.0
008 - FIXED-LENGTH DATA ELEMENTS--GENERAL INFORMATION
fixed length control field 251124 Eng
020 ## - INTERNATIONAL STANDARD BOOK NUMBER
International Standard Book Number x
040 ## - CATALOGING SOURCE
Original cataloging agency DLC
Transcribing agency DLC
Modifying agency BD-ChCU
082 00 - DEWEY DECIMAL CLASSIFICATION NUMBER
Classification number 331 ‍SII
100 ## - MAIN ENTRY--PERSONAL NAME
Personal name Singh,V B
Relator term Editor
9 (RLIN) 16759
245 10 - TITLE STATEMENT
Title Industrial labour in India/
Statement of responsibility, etc. V.B Singh
250 ## - EDITION STATEMENT
Edition statement x
260 ## - PUBLICATION, DISTRIBUTION, ETC.
Place of publication, distribution, etc. Bombay:
Name of publisher, distributor, etc. Asia pub,
Date of publication, distribution, etc. 1963
300 ## - PHYSICAL DESCRIPTION
Extent xii,664p
650 #0 - SUBJECT ADDED ENTRY--TOPICAL TERM
Topical term or geographic name entry element labour and labour classes
9 (RLIN) 16761
700 1# - ADDED ENTRY--PERSONAL NAME
Personal name Donald Kagan
942 ## - ADDED ENTRY ELEMENTS (KOHA)
Source of classification or shelving scheme Dewey Decimal Classification
Koha item type Books
Suppress in OPAC No
Holdings
Withdrawn status Lost status Source of classification or shelving scheme Damaged status Not for loan Home library Current library Shelving location Date acquired Source of acquisition Total Checkouts Full call number Barcode Date last seen Price effective from Koha item type
    Dewey Decimal Classification     Chittagong University Library Chittagong University Library Business and Social Science Reading Room 24/11/2025 purchase   331 ‍SII 823 24/11/2025 24/11/2025 Books
© Copyright 2026. Chittagong University Library, Installation and Maintenance by Prof. Dr. Md. Alamgir, 01711306253